Význam rozpočtovania nákladov a analýza odchýlok bakalárska práca

Saved in:
Bibliographic Details
Main Author: Hamarová, Monika
Corporate Author: Fakulta hospodárskej informatiky EU. Katedra účtovníctva a audítorstva
Other Authors: Bagiová, Alexandra, 1994-
Format: Book
Language:Slovak
Published: Bratislava 2021
Tags: Add Tag
No Tags, Be the first to tag this record!

MARC

LEADER 00000nbm a2200000 4500
001 0276321
005 20220322141311.9
041 0 |a slo 
044 |a SK 
245 1 0 |a Význam rozpočtovania nákladov a analýza odchýlok  |b bakalárska práca  |c Monika Hamarová ; školiteľ: Alexandra Bagiová 
264 1 |a Bratislava  |c 2021 
300 |a 51 s. 
100 1 |a Hamarová, Monika 
700 1 |a Bagiová, Alexandra, 1994- 
710 2 |a Fakulta hospodárskej informatiky EU. Katedra účtovníctva a audítorstva